000 nam a22 7a 4500
999 _c15212
_d15212
005 20200305155954.0
008 200305b xxu||||| |||| 00| 0 eng d
040 _cWGNE
245 _aScholastic dictionary of synonyms antonyms homonyms
_cScholastic
260 _alondon
_bsholastic
_c1965
300 _a220,p.
942 _2lcc
_cREF
_hREF 423.SCH